| 000 | 00739nam a22002055i 4500 | ||
|---|---|---|---|
| 001 | 157629 | ||
| 003 | ES-MaACL | ||
| 005 | 20250828062537.0 | ||
| 008 | 020926s1898 fr |||| | fre d | ||
| 040 |
_aCCPB | B _bspa _cCCPB | B |
||
| 100 | 1 |
_aLetourneau, Charles. _971888 |
|
| 245 | 1 | 2 |
_aL'évolution de l'éducation dans les diverses races humaines / _cpar Ch. Letourneau. |
| 260 |
_aParis : _bVigot Frères, éditeurs, _c1898 ( _eMontdidier : _fImprimerie G. Bellin) |
||
| 300 |
_aXVIII, 617 p. ; _c22 cm. |
||
| 490 | 1 |
_aBibliothèque anthropologique ; _v19 |
|
| 650 | 7 |
_aEducación _2embne _912073 |
|
| 830 | 0 |
_aBibliothèque anthropologique ; _v19 _9187951 |
|
| 852 |
_aES-MaACL _jF-14330 _z-- Enc. hol. |
||
| 999 |
_c157629 _d157629 |
||